Kariera trenerska Diego Simeone. - Statystyki

Ogólne statystyki
  • Ten quiz został rozwiązany 38 razy
  • Średni wynik to 2 z 7
Statystyki odpowiedzi
Lata Klub % Poprawnych
2012-teraz Atletico Madryt
100%
2008-2008 River Plate
38%
2011-2011 Catania
16%
2006-2006 Racing Club
3%
2011-2011 Racing Club
3%
2009-2010 San Lorenzo
3%
2006-2007 Estudiantes
0%
Nie znaleziono quizów pasujących do podanych kryteriów
Rozkład punktacji
Procent ludzi z każdym wynikiem
Percentyl według liczby udzielonych odpowiedzi
Twoja historia wyników
Nie rozwiązałeś tego quizu